Countries that Start with B - Alphabetical Order - Statistics

General Stats
  • This quiz has been taken 38 times
  • The average score is 15 of 17
Answer Stats
Country % Correct
Bahamas
100%
Bahrain
95%
Barbados
95%
Belize
95%
Bangladesh
90%
Belgium
90%
Benin
90%
Bosnia and Herzegovina
90%
Burkina Faso
90%
Belarus
86%
Botswana
86%
Brunei
86%
Bhutan
81%
Brazil
81%
Burundi
81%
Bulgaria
76%
Bolivia
71%
No matching quizzes found
Score Distribution
Percent of People with Each Score
Percentile by Number Answered
Your Score History
You have not taken this quiz